000 00391 a2200109 4500
001 ART_49762
005 20260410161936.0
008 260409a
245 1 0 _aSistemas de integracióndel impuesto a la renta societaria
100 1 _aReig, Enrique Jorge
773 0 _tAnales de la Academia Nacional de Ciencias Económicas
_g- Vol. XXVIII, (1983) (ene./dic. 1983)
_wREV25596
999 _c29070
_d29070